[Event "Tournament of Peace 2018"]
[Site "Zagreb CRO"]
[Date "2018.11.21"]
[Round "9.3"]
[White "Amin, Bassem"]
[Black "Kozul, Zdenko"]
[Result "1-0"]
[WhiteTitle "GM"]
[BlackTitle "GM"]
[WhiteElo "2709"]
[BlackElo "2612"]
[WhiteFideId "10601457"]
[BlackFideId "14502879"]
[EventDate "2018.11.12"]

1. e4 c5 2. Nf3 d6 3. Bb5+ Bd7 4. Bxd7+ Nxd7 5. O-O Ngf6 6. Qe2 e6 7. d4 cxd4 8.
Nxd4 a6 9. c4 Rc8 10. b3 g6 11. Rd1 Qa5 12. a4 Bg7 13. Ba3 Qe5 14. Nc3 Nc5 15.
f3 O-O 16. Qe3 d5 17. Bxc5 Rxc5 18. f4 Qh5 19. h3 Nxe4 20. Nxe4 dxe4 21. Qxe4
Rc7 22. Rab1 Qc5 23. Kh2 e5 24. Nf3 f5 25. Qd5+ Qxd5 26. Rxd5 exf4 27. Re1 Bf6
28. Re6 Kf7 29. Rdd6 Kg7 30. h4 Be7 31. Rd5 Kf7 32. Rb6 Rd8 33. Ne5+ Kf8 34. h5
gxh5 35. Rh6 Rxd5 36. cxd5 Kg7 37. d6 Rc5 38. Nd7 Rc8 39. dxe7 Kxh6 40. Nf6 Kg5
41. e8=Q Rxe8 42. Nxe8 f3 43. gxf3 Kf4 44. Kg2 h4 45. Nd6 b6 46. Nc8 b5 47. axb5
axb5 48. Ne7 h3+ 49. Kxh3 Kxf3 50. Nxf5 Ke4 51. Ne7 Ke5 52. Nc6+ Kd5 53. Nb4+
Kd4 54. Na6 b4 55. Kg4 Kc3 56. Nc5 Kd4 57. Nb7 1-0

[Event "Tournament of Peace 2018"]
[Site "Zagreb CRO"]
[Date "2018.11.21"]
[Round "9.4"]
[White "Saric, Ivan"]
[Black "Malakhov, Vladimir"]
[Result "1/2-1/2"]
[WhiteTitle "GM"]
[BlackTitle "GM"]
[WhiteElo "2692"]
[BlackElo "2654"]
[WhiteFideId "14508150"]
[BlackFideId "4120787"]
[EventDate "2018.11.12"]

1. e4 e5 2. Nf3 Nc6 3. d4 exd4 4. Nxd4 Bc5 5. Nb3 Bb6 6. Nc3 Nf6 7. Qe2 a5 8. e5
O-O 9. exf6 a4 10. Nd5 Re8 11. Be3 axb3 12. Qg4 g6 13. Bc4 Nb4 14. Nxb4 d5 15.
Qf4 dxc4 16. O-O bxc2 17. Bxb6 cxb6 18. Nd5 Re6 19. Qxc4 Kh8 20. Qxc2 Rd6 21.
Ne3 Qxf6 22. Rfd1 Rxd1+ 23. Rxd1 Be6 24. b3 Kg8 25. h3 Qe5 26. Qd2 h5 27. Nc4
Bxc4 28. bxc4 b5 29. cxb5 1/2-1/2

[Event "Tournament of Peace 2018"]
[Site "Zagreb CRO"]
[Date "2018.11.21"]
[Round "9.5"]
[White "Palac, Mladen"]
[Black "Jovanovic, Zoran"]
[Result "1-0"]
[WhiteTitle "GM"]
[BlackTitle "GM"]
[WhiteElo "2548"]
[BlackElo "2537"]
[WhiteFideId "14500116"]
[BlackFideId "14505320"]
[EventDate "2018.11.12"]

1. e4 d5 2. exd5 Qxd5 3. Nc3 Qd6 4. d4 Nf6 5. Nf3 c6 6. g3 Bf5 7. Bg2 h6 8. O-O
e6 9. Na4 Qc7 10. c4 Bd6 11. c5 Be7 12. Bf4 Qc8 13. Nd2 O-O 14. Nc4 Nbd7 15. Qb3
Re8 16. Na5 g5 17. Be5 Nd5 18. Nc4 Nxe5 19. dxe5 Qd7 20. Nd6 Red8 21. Nxf5 exf5
22. Rad1 Qc7 23. Rfe1 b5 24. cxb6 Nxb6 25. e6 Bf6 26. Nc5 Rxd1 27. Rxd1 Rf8 28.
Nd7 Nxd7 29. Rxd7 Qe5 30. exf7+ Kg7 31. Bxc6 Qxb2 32. Qxb2 Bxb2 33. Rb7 Bd4 34.
Be8 g4 35. Kg2 h5 36. f3 Bb6 37. h3 gxh3+ 38. Kxh3 Rh8 39. Rd7 f4 40. g4 hxg4+
41. Kxg4 Be3 42. Rd6 Kf8 43. Rg6 Bd2 44. Kf5 Be3 45. Ke6 Bd4 46. Kd5 Be3 47. a4
Bd2 48. Kc6 a5 49. Kd7 Bc3 50. Ke6 Bd4 51. Kf5 Be3 52. Ke4 Bd2 53. Kd3 Bb4 54.
Rg4 Bd6 55. Kc4 Be7 56. Kd3 Bd6 57. Ke4 Be7 58. Rg6 Bb4 59. Kxf4 Bc3 60. Ke4 Bg7
61. Rg5 Bc3 62. Kd3 Bb4 63. f4 Rh3+ 64. Kc4 Rh8 65. f5 Bd2 66. Rg6 Bb4 67. Kd5
Bd2 68. f6 Bc3 69. Ke6 Bb4 70. Bc6 1-0

[Event "Tournament of Peace 2018"]
[Site "Zagreb CRO"]
[Date "2018.11.21"]
[Round "9.6"]
[White "Adhiban, Baskaran"]
[Black "Cheparinov, Ivan"]
[Result "1-0"]
[WhiteTitle "GM"]
[BlackTitle "GM"]
[WhiteElo "2682"]
[BlackElo "2711"]
[WhiteFideId "5018471"]
[BlackFideId "2905540"]
[EventDate "2018.11.12"]

1. c4 e6 2. Nf3 d5 3. g3 Nf6 4. Bg2 d4 5. O-O c5 6. e3 Nc6 7. exd4 cxd4 8. d3
Bd6 9. Na3 O-O 10. Nc2 e5 11. b4 Re8 12. b5 Nb8 13. Bg5 Nbd7 14. Nd2 Qc7 15. f4
exf4 16. Bxf4 Nc5 17. Bxd6 Qxd6 18. Nb3 Ng4 19. Qf3 Be6 20. Nxc5 Qxc5 21. Rae1
h5 22. Qxb7 Ne3 23. Nxe3 dxe3 24. Qc6 Qd4 25. Qe4 Qc3 26. Qxe3 Rad8 27. Qxa7
Rxd3 28. Rxe6 1-0

[Event "Tournament of Peace 2018"]
[Site "Zagreb CRO"]
[Date "2018.11.22"]
[Round "10.1"]
[White "Ivanchuk, Vassily"]
[Black "Cheparinov, Ivan"]
[Result "1/2-1/2"]
[WhiteTitle "GM"]
[BlackTitle "GM"]
[WhiteElo "2714"]
[BlackElo "2711"]
[WhiteFideId "14100010"]
[BlackFideId "2905540"]
[EventDate "2018.11.12"]

1. d4 Nf6 2. c4 e6 3. Nf3 d5 4. Nc3 Bb4 5. Bg5 h6 6. Bxf6 Qxf6 7. e3 O-O 8. Rc1
dxc4 9. Bxc4 c5 10. dxc5 Nd7 11. c6 bxc6 12. a3 Be7 13. Be2 Rb8 14. Qc2 c5 15.
O-O Bb7 16. Rfd1 Ne5 17. Nd2 Qh4 18. Nf3 Bxf3 19. Bxf3 Nxf3+ 20. gxf3 Qh3 21.
Qe2 Bf6 22. Na4 Rfc8 23. Rc4 Be5 24. f4 Bxb2 25. Rxc5 Rxc5 26. Nxc5 Bxa3 27. Ne4
a5 28. Ng3 Bb4 29. Rd7 Bf8 30. Qc2 h5 31. Rxf7 Kxf7 32. Qc7+ Be7 33. Qxb8 h4 34.
Ne4 Qg4+ 35. Kf1 Qd1+ 36. Kg2 Qg4+ 37. Kf1 Qd1+ 38. Kg2 Qd5 39. f3 Qa2+ 40. Kf1
Qc4+ 41. Kf2 Qc2+ 42. Kf1 Qd1+ 43. Kf2 Qc2+ 44. Kf1 Qd3+ 45. Kf2 Qc2+ 1/2-1/2

[Event "Tournament of Peace 2018"]
[Site "Zagreb CRO"]
[Date "2018.11.22"]
[Round "10.2"]
[White "Jovanovic, Zoran"]
[Black "Adhiban, Baskaran"]
[Result "0-1"]
[WhiteTitle "GM"]
[BlackTitle "GM"]
[WhiteElo "2537"]
[BlackElo "2682"]
[WhiteFideId "14505320"]
[BlackFideId "5018471"]
[EventDate "2018.11.12"]

1. e4 e5 2. Nf3 Nc6 3. Bc4 Bc5 4. c3 Nf6 5. d3 a6 6. Bb3 Ba7 7. h3 O-O 8. Qe2 d6
9. Nbd2 Nd7 10. g4 Nc5 11. Bc2 Ne6 12. Nf1 Ne7 13. Ng3 Ng6 14. Nh5 b5 15. Bd2 a5
16. O-O b4 17. Kh2 Rb8 18. Be3 Bb6 19. d4 bxc3 20. bxc3 c6 21. Bb3 Qc7 22. Kg1
Kh8 23. Rfd1 f6 24. Qd2 h6 25. Bxe6 Bxe6 26. Rab1 d5 27. exd5 Bxd5 28. Qe2 f5
29. Rxb6 Rxb6 30. Nxe5 Nxe5 31. dxe5 Qxe5 32. Nf4 Kh7 33. Bxb6 Qxf4 34. Qe3 fxg4
35. Qxf4 Rxf4 36. Rd4 Rxd4 37. cxd4 gxh3 38. Bxa5 Bxa2 39. Kh2 Be6 40. f4 Kg6
41. Bb4 h5 42. Bf8 Kf7 43. Bd6 Bf5 44. Be5 g6 45. Kg3 Ke6 46. Kh2 Kd5 47. Bf6
Ke4 48. Kg3 h2 49. Kxh2 Kxf4 50. Kg2 g5 51. Kf2 Be4 52. Be7 Bd5 53. Bf6 h4 54.
Be7 Kg4 55. Bd8 Kh5 0-1

[Event "Tournament of Peace 2018"]
[Site "Zagreb CRO"]
[Date "2018.11.22"]
[Round "10.3"]
[White "Malakhov, Vladimir"]
[Black "Palac, Mladen"]
[Result "1-0"]
[WhiteTitle "GM"]
[BlackTitle "GM"]
[WhiteElo "2654"]
[BlackElo "2548"]
[WhiteFideId "4120787"]
[BlackFideId "14500116"]
[EventDate "2018.11.12"]

1. Nf3 d5 2. e3 Nf6 3. c4 e6 4. Nc3 b6 5. b3 Bb7 6. cxd5 exd5 7. Bb2 Nbd7 8. Rc1
a6 9. d4 Bd6 10. g3 O-O 11. Bg2 Ne4 12. O-O Qe7 13. Ne2 a5 14. a4 Ba6 15. Re1
Bb4 16. Nc3 c6 17. Qc2 Rac8 18. Red1 f5 19. Ne5 Bb7 20. f3 Ng5 21. f4 Nxe5 22.
dxe5 Bxc3 23. Bxc3 Ne4 24. g4 Nxc3 25. Qxc3 fxg4 26. Qd4 Qd8 27. b4 axb4 28.
Qxb4 Ba8 29. Qe1 Qe7 30. Qg3 Rce8 31. Qxg4 Qa3 32. Qg3 Qxa4 33. h4 Qa7 34. Kh2
Qe7 35. Rd2 b5 36. Rg1 b4 37. Bf3 Kh8 38. h5 Rb8 39. h6 g6 40. e4 dxe4 41. Bxe4
c5 42. Bxa8 Rxa8 43. Rgd1 c4 44. Rd7 Qe6 45. Qg5 Ra2+ 46. Kg1 c3 47. Rd8 Ra8 48.
Rxa8 Qb6+ 49. Kf1 Rxa8 50. Qe7 1-0

[Event "Tournament of Peace 2018"]
[Site "Zagreb CRO"]
[Date "2018.11.22"]
[Round "10.4"]
[White "Kozul, Zdenko"]
[Black "Saric, Ivan"]
[Result "1-0"]
[WhiteTitle "GM"]
[BlackTitle "GM"]
[WhiteElo "2612"]
[BlackElo "2692"]
[WhiteFideId "14502879"]
[BlackFideId "14508150"]
[EventDate "2018.11.12"]

1. d4 d5 2. c4 c6 3. Nf3 Nf6 4. Nc3 e6 5. Bg5 h6 6. Bxf6 Qxf6 7. e3 Nd7 8. Bd3
Bb4 9. O-O O-O 10. Qb3 Qe7 11. Rac1 Re8 12. Bb1 dxc4 13. Qxc4 Bxc3 14. Qd3 g6
15. Qxc3 e5 16. h3 e4 17. Nd2 Nf6 18. a3 Nd5 19. Qc5 Qh4 20. Qd6 Bf5 21. Qh2 h5
22. Nc4 Rad8 23. Nd6 Re7 24. Rc5 Qf6 25. Nxf5 gxf5 26. Ba2 f4 27. Bxd5 Rxd5 28.
Rxd5 cxd5 29. Rc1 fxe3 30. Qg3+ Kh7 31. fxe3 Qg6 32. Qf4 f6 33. Rf1 Kg7 34. b4
Rd7 35. h4 Rf7 36. Kh2 b6 37. Rc1 f5 38. Rc8 Kh7 39. Rd8 Rg7 40. g3 Qg4 41. Rxd5
Qxf4 42. gxf4 Rf7 43. b5 Kg7 44. Kg2 Kf8 45. Rd6 Ke8 46. Kf2 Rc7 47. Rf6 Rc2+
48. Ke1 Rc3 49. Kd2 Rd3+ 50. Ke2 Rxa3 51. Rxf5 Ra2+ 52. Kd1 Kd7 53. Re5 Kd6 54.
Rxe4 Kd5 55. Re5+ Kc4 56. Ke1 a5 57. bxa6 b5 58. Rc5+ Kd3 59. Rxb5 Kxe3 60. Re5+
Kxf4 61. Re6 Kg3 62. d5 Ra5 63. Re4 Kf3 64. Rd4 Ke3 65. d6 Kxd4 66. d7 Re5+ 67.
Kd2 1-0

[Event "Tournament of Peace 2018"]
[Site "Zagreb CRO"]
[Date "2018.11.22"]
[Round "10.5"]
[White "Stevic, Hrvoje"]
[Black "Amin, Bassem"]
[Result "1/2-1/2"]
[WhiteTitle "GM"]
[BlackTitle "GM"]
[WhiteElo "2589"]
[BlackElo "2709"]
[WhiteFideId "14502569"]
[BlackFideId "10601457"]
[EventDate "2018.11.12"]

1. e4 e5 2. Nf3 Nc6 3. Nc3 Nf6 4. d4 exd4 5. Nxd4 Bb4 6. Nxc6 bxc6 7. Bd3 d5 8.
exd5 cxd5 9. O-O O-O 10. Bg5 c6 11. Qf3 Bd6 12. Rae1 h6 13. Bxf6 Qxf6 14. Qxf6
gxf6 15. Ne2 c5 1/2-1/2

[Event "Tournament of Peace 2018"]
[Site "Zagreb CRO"]
[Date "2018.11.22"]
[Round "10.6"]
[White "Bacrot, Etienne"]
[Black "Zelcic, Robert"]
[Result "1-0"]
[WhiteTitle "GM"]
[BlackTitle "GM"]
[WhiteElo "2677"]
[BlackElo "2508"]
[WhiteFideId "605506"]
[BlackFideId "14500310"]
[EventDate "2018.11.12"]

1. e4 c6 2. Nf3 d5 3. Nc3 Bg4 4. h3 Bxf3 5. Qxf3 Nf6 6. Be2 e6 7. O-O Bc5 8. Rd1
Bd4 9. Qf4 e5 10. Qg3 O-O 11. d3 Qd6 12. exd5 cxd5 13. Nb5 Qb6 14. Nxd4 exd4 15.
c3 Re8 16. Bf3 Nbd7 17. cxd4 Qxd4 18. Bh6 g6 19. Rab1 Ne5 20. Be2 Nc6 21. Bf1
Re6 22. Qf4 Qb6 23. Re1 Nh5 24. Qf3 Ne7 25. Rxe6 Qxe6 26. g4 Ng7 27. Bg2 Rc8 28.
Bd2 Qd7 29. Re1 Rc6 30. Qe3 Re6 31. Qxa7 Rxe1+ 32. Bxe1 h5 33. Qb8+ Kh7 34. Qf4
hxg4 35. hxg4 Nc6 36. Bc3 Kg8 37. Bf6 Ne8 38. Bc3 Nc7 39. Bf3 Ne6 40. Qf6 d4 41.
Bd2 Qd6 42. Be4 b6 43. Kf1 Ne7 44. Qf3 Qc5 45. Kg2 f5 46. gxf5 gxf5 47. Qg3+ Kf7
48. Bf3 Nd5 49. Bd1 Qc6 50. Kg1 f4 51. Qg2 Qd6 52. Bb3 Ndc7 53. Qg5 Ke8 54. Qf5
Kd8 55. a4 Qe7 56. a5 bxa5 57. Bxa5 Ke8 58. Bxc7 Nxc7 59. Qc8+ Qd8 60. Qxd8+
Kxd8 61. Kg2 Na6 62. Kf3 Nc5 63. Bc4 Na4 64. b3 1-0

[Event "Tournament of Peace 2018"]
[Site "Zagreb CRO"]
[Date "2018.11.23"]
[Round "11.1"]
[White "Zelcic, Robert"]
[Black "Ivanchuk, Vassily"]
[Result "1/2-1/2"]
[WhiteTitle "GM"]
[BlackTitle "GM"]
[WhiteElo "2508"]
[BlackElo "2714"]
[WhiteFideId "14500310"]
[BlackFideId "14100010"]
[EventDate "2018.11.12"]

1. e4 c5 2. Nf3 Nc6 3. d4 cxd4 4. Nxd4 Nf6 5. Nc3 d6 6. Bg5 e6 7. Qd3 Bd7 8.
Ndb5 Nb4 9. Qd1 a6 10. a3 Nxc2+ 11. Qxc2 axb5 12. Bxf6 Qxf6 13. Bxb5 Qd8 14.
Bxd7+ Qxd7 15. O-O Be7 16. Rad1 O-O 17. Qb3 Rfc8 18. Rd3 Ra6 19. Rfd1 g6 20. Nb5
Rc5 21. a4 Qc6 22. Rd4 Bf6 23. R4d2 Be5 24. Nxd6 Rb6 25. Qf3 Bxd6 26. Rxd6 Qxd6
27. Rxd6 Rxd6 28. h4 h5 29. b4 Rc4 30. Qf4 Rd8 31. Kh2 Rxb4 32. g4 Rdd4 33. Qb8+
Kg7 34. Qe5+ Kg8 35. Qb8+ Kg7 36. Qe5+ 1/2-1/2

[Event "Tournament of Peace 2018"]
[Site "Zagreb CRO"]
[Date "2018.11.23"]
[Round "11.2"]
[White "Amin, Bassem"]
[Black "Bacrot, Etienne"]
[Result "1/2-1/2"]
[WhiteTitle "GM"]
[BlackTitle "GM"]
[WhiteElo "2709"]
[BlackElo "2677"]
[WhiteFideId "10601457"]
[BlackFideId "605506"]
[EventDate "2018.11.12"]

1. e4 e5 2. Nf3 Nc6 3. Bb5 Nf6 4. O-O Nxe4 5. Re1 Nd6 6. Nxe5 Be7 7. Bf1 Nxe5 8.
Rxe5 O-O 9. d4 Bf6 10. Re1 Re8 11. c3 Rxe1 12. Qxe1 Ne8 13. Bf4 d5 14. Bd3 g6
15. Nd2 Ng7 16. Qe2 c6 17. Re1 Bf5 18. Bxf5 Nxf5 19. Nf3 Ng7 20. h3 Qd7 21. Be5
Re8 22. Qd3 Bd8 23. Re2 f6 24. Bg3 Rxe2 25. Qxe2 Qe6 26. Qxe6+ 1/2-1/2

[Event "Tournament of Peace 2018"]
[Site "Zagreb CRO"]
[Date "2018.11.23"]
[Round "11.3"]
[White "Saric, Ivan"]
[Black "Stevic, Hrvoje"]
[Result "1/2-1/2"]
[WhiteTitle "GM"]
[BlackTitle "GM"]
[WhiteElo "2692"]
[BlackElo "2589"]
[WhiteFideId "14508150"]
[BlackFideId "14502569"]
[EventDate "2018.11.12"]

1. e4 e5 2. Nf3 Nc6 3. Bb5 a6 4. Ba4 Nf6 5. O-O Nxe4 6. d4 b5 7. Bb3 d5 8. dxe5
Be6 9. Nbd2 Nc5 10. c3 Be7 11. Bc2 d4 12. Nb3 d3 13. Bb1 Nxb3 14. axb3 Bf5 15.
Re1 O-O 16. Be3 Qd5 17. Bd4 Rfd8 18. h4 h6 19. Bxd3 Bxd3 20. Qxd3 Qxb3 21. e6
Bf6 22. Qe4 Qxe6 23. Qxe6 fxe6 24. Bxf6 gxf6 25. Rxe6 Rd6 26. Rxd6 cxd6 27. b4
Kf7 28. Kf1 Ke6 29. Ke2 Kd5 30. h5 Ke4 31. Rd1 d5 32. Nd2+ Ke5 33. Nb3 Ra7 34.
g3 Kd6 35. Ra1 Ke5 36. Ke3 Kf5 37. Nd4+ Nxd4 38. Kxd4 Kg5 39. Kxd5 Rc7 40. Ra3
f5 41. Ke5 Re7+ 42. Kd6 Re2 43. Rxa6 Rxf2 44. Kc5 Rf3 45. Rg6+ Kxh5 46. Rg8
Rxc3+ 47. Kxb5 Rc1 48. Kb6 Rg1 49. Rf8 Rxg3 50. Rxf5+ Kg4 51. Rf6 1/2-1/2

[Event "Tournament of Peace 2018"]
[Site "Zagreb CRO"]
[Date "2018.11.23"]
[Round "11.4"]
[White "Palac, Mladen"]
[Black "Kozul, Zdenko"]
[Result "1/2-1/2"]
[WhiteTitle "GM"]
[BlackTitle "GM"]
[WhiteElo "2548"]
[BlackElo "2612"]
[WhiteFideId "14500116"]
[BlackFideId "14502879"]
[EventDate "2018.11.12"]

1. e4 c5 2. Nf3 d6 3. Bb5+ Bd7 4. c4 Nf6 5. Nc3 g6 6. d4 cxd4 7. Nxd4 Bg7 8. Be3
O-O 9. Bxd7 Qxd7 10. h3 Nc6 11. O-O Nxd4 12. Bxd4 Qc6 13. Qd3 1/2-1/2

[Event "Tournament of Peace 2018"]
[Site "Zagreb CRO"]
[Date "2018.11.23"]
[Round "11.5"]
[White "Adhiban, Baskaran"]
[Black "Malakhov, Vladimir"]
[Result "1/2-1/2"]
[WhiteTitle "GM"]
[BlackTitle "GM"]
[WhiteElo "2682"]
[BlackElo "2654"]
[WhiteFideId "5018471"]
[BlackFideId "4120787"]
[EventDate "2018.11.12"]

1. d4 d5 2. c4 c6 3. Nc3 Nf6 4. Nf3 a6 5. cxd5 cxd5 6. Bf4 Nc6 7. Ne5 e6 8. e3
Nxe5 9. Bxe5 Bd6 10. Bd3 Bxe5 11. dxe5 Nd7 12. f4 Qb6 13. Qd2 O-O 14. O-O f6 15.
Bc2 Rf7 16. Na4 Qa7 17. Qd4 b5 18. Nc3 b4 19. Nxd5 Qxd4 20. exd4 exd5 21. e6 Re7
22. exd7 Bxd7 23. Bb3 Rd8 24. Rfe1 Kf8 25. Rxe7 1/2-1/2

[Event "Tournament of Peace 2018"]
[Site "Zagreb CRO"]
[Date "2018.11.23"]
[Round "11.6"]
[White "Cheparinov, Ivan"]
[Black "Jovanovic, Zoran"]
[Result "1-0"]
[WhiteTitle "GM"]
[BlackTitle "GM"]
[WhiteElo "2711"]
[BlackElo "2537"]
[WhiteFideId "2905540"]
[BlackFideId "14505320"]
[EventDate "2018.11.12"]

1. d4 d6 2. Nf3 g6 3. c4 Bg7 4. Nc3 Bg4 5. e3 Nf6 6. Be2 O-O 7. O-O Na6 8. Qc2
Re8 9. Rd1 Qc8 10. h3 Bd7 11. e4 e5 12. dxe5 dxe5 13. a3 Nh5 14. b4 Nf4 15. Bxf4
exf4 16. Rac1 Nb8 17. Qd2 Bxc3 18. Rxc3 Ba4 19. Re1 Rxe4 20. Ng5 Re5 21. Qxf4
Qf5 22. Qxf5 Rxf5 23. Ne4 Kg7 24. Nc5 a5 25. Bg4 Rxc5 26. bxc5 Na6 27. Re5 Kf6
28. Rce3 Bc6 29. Be2 Rd8 30. g4 h6 31. h4 Rd4 32. h5 Bd7 33. g5+ hxg5 34. Rd5
Rxd5 35. cxd5 gxh5 36. c6 1-0